000
00262nam a2200097Ia 4500
001
642485
005
20250826153527.0
008
250824s9999 xx 000 0 und d
245
0
_a
İVAN İLYİÇİN ÖLÜMÜ ANTİK
_c
TOLSTOY
260
_b
ANTİK DÜNYA KLASİKLERİ
999
_c
642485
_d
642485